Statistics for Guess the Nation by its Footballer

Click here to take the quiz!

General Stats

  • This quiz has been taken 72 times
  • The average score is 19 of 30

Answer Stats

HintAnswer% Correct
Lionel MessiArgentina
98%
Kevin de BruyneBelgium
98%
Harry KaneEngland
98%
Cristiano RonaldoPortugal
98%
Kylian MbappeFrance
97%
Robert LewandowskiPoland
97%
NeymarBrazil
95%
Manuel NeuerGermany
95%
Mo SalahEgypt
94%
Takehiro TomiyasuJapan
85%
Keylor NavasCosta Rica
82%
JorginhoItaly
82%
Stefan de VrijNetherlands
77%
Jonathan DavidCanada
74%
Wu XiChina
74%
Kalidou KoulibalySenegal
73%
Kieran TierneyScotland
67%
Mislav OrsicCroatia
61%
Michail AntonioJamaica
56%
Artem DyzubaRussia
52%
Aaron MooyAustralia
44%
Pervis EstupiñánEcuador
44%
Sunil ChhetriIndia
36%
Patson DakaZambia
33%
Aaron ConnollyIreland
30%
Mariano DiazDominican Republic
20%
Percy TauSouth Africa
12%
Roy KrishnaFiji
11%
Julian RyersonNorway
6%
Ramiro VacaBolivia
5%

Score Distribution

Percentile by Number Answered

Percent of People with Each Score

Your Score History

You have not taken this quiz